000 00296nam a22001457a 4500
008 210225b ||||| |||| 00| 0 eng d
020 _a9780500092460
041 _aeng
080 _a7
082 _a7
100 _a44
101 _aART
245 _aClaude Monet
_cMonet. C
942 _2udc
_cBK
999 _c55197
_d55197